LEADER 01241nam0 22002891i 450 001 UON00167656 005 20231205103038.726 010 $a22-220-2703-9 100 $a20030305d1983 |0itac50 ba 101 $afre 102 $aFR 105 $a|||| ||||| 200 1 $aEssai de bibliographie sélective et annotée sur l'Islam maghrébin contemporain$eMaroc, Algérie, Tunisie, Libye (1830-1978)$fPessah Shinar 210 $aParis$cCNRS$d1983 215 $axxi, 506 p.$d25 cm 410 1$1001UON00046053$12001 $aRecherches sur les Sociétés méditerranéennes 606 $aIslam$xBibliografia$3UONC020328$2FI 620 $aFR$dParis$3UONL002984 676 $a016.297$cBIBLIOGRAFIA DELL'ISLAM$v21 700 1$aSHINAR$bPessah$3UONV029236$0649514 712 $aCentre National de la Recherche Scientifique$3UONV262150$4650 801 $aIT$bSOL$c20250620$gRICA 899 $aSIBA - SISTEMA BIBLIOTECARIO DI ATENEO$2UONSI 912 $aUON00167656 950 $aSIBA - SISTEMA BIBLIOTECARIO DI ATENEO$dSI 3 0352 $eSI AA 25691 5 0352 996 $aEssai de bibliographie sélective et annotée sur l'Islam maghrébin contemporain$91282545 997 $aUNIOR